|
|
|
|
| LEADER |
00000nac a22000007a 4500 |
| 003 |
Ucuenca |
| 005 |
20230308230218.0 |
| 008 |
181025b1950 sp ||||| |||| 00| 0 spa d |
| 040 |
|
|
|b spa
|
| 041 |
0 |
|
|a es
|
| 082 |
0 |
|
|a 576.5
|
| 100 |
1 |
|
|9 230131
|a Caullery, Maurice
|
| 245 |
|
|
|a Genética y Herencia
|c Maurice Caullery
|h imp
|
| 264 |
|
|
|a Barcelona
|b Salvat
|c 1950
|
| 300 |
|
|
|a 151 páginas:
|b gra
|c 17.5 cm
|
| 490 |
|
|
|a Surco
|n no. 43
|p Serie F
|
| 504 |
|
|
|a incl. ref.
|
| 505 |
1 |
|
|a Bases y desarrollo de la genética -- La genética moderna construida sobre la drosofila -- Algunos problemas generales de la genética -- La genética y la herencia humana
|
| 650 |
|
0 |
|9 13011
|a Genetica humana
|
| 650 |
|
0 |
|a Herencia humana
|9 12989
|
| 942 |
|
|
|2 ddc
|c CR
|z bladimir.cabrerar@ucuenca.edu.ec
|
| 999 |
|
|
|c 155701
|d 155701
|